<?xml version="1.0" encoding="UTF-8"?>
<record
    xmlns:xsi="http://www.w3.org/2001/XMLSchema-instance"
    xsi:schemaLocation="http://www.loc.gov/MARC21/slim http://www.loc.gov/standards/marcxml/schema/MARC21slim.xsd"
    xmlns="http://www.loc.gov/MARC21/slim">

  <leader>01419nam a2200229   4500</leader>
  <controlfield tag="001"> 83279</controlfield>
  <controlfield tag="003">BD-RjUL</controlfield>
  <controlfield tag="005">20240310113457.0</controlfield>
  <controlfield tag="008">220915s1956    p  ||||| |||| 00| 0 urd d</controlfield>
  <datafield tag="035" ind1=" " ind2=" ">
    <subfield code="a">(BD-RjUL) 83279</subfield>
  </datafield>
  <datafield tag="040" ind1=" " ind2=" ">
    <subfield code="a">BD-RjUL</subfield>
    <subfield code="b">eng</subfield>
    <subfield code="c">BD-RjUL</subfield>
  </datafield>
  <datafield tag="041" ind1=" " ind2=" ">
    <subfield code="a">urd</subfield>
  </datafield>
  <datafield tag="082" ind1=" " ind2=" ">
    <subfield code="2">23</subfield>
    <subfield code="a">297.125612</subfield>
    <subfield code="b">ZAH 1956</subfield>
  </datafield>
  <datafield tag="100" ind1="1" ind2=" ">
    <subfield code="a"> Zahra Mohammad Abu    ### &#x632;&#x647;&#x631;&#x629; ,  &#x645;&#x62D;&#x645;&#x62F; &#x627;&#x628;&#x648;</subfield>
    <subfield code="9">4839</subfield>
  </datafield>
  <datafield tag="245" ind1="1" ind2="0">
    <subfield code="a">&#x62D;&#x6CC;&#x627;&#x62A; &#x627;&#x645;&#x627;&#x645; &#x627;&#x62D;&#x645;&#x62F; &#x628;&#x646; &#x62D;&#x646;&#x628;&#x644; # #  Imam ahmad bn hanbal : &#x62D;&#x636;&#x631;&#x62A; &#x627;&#x644;&#x627;&#x645;&#x627;&#x645;,&#x623;&#x62D;&#x645;&#x62F; &#x628;&#x646; &#x645;&#x62D;&#x645;&#x62F;&#x628;&#x646; &#x62D;&#x646;&#x628;&#x644; &#x643;&#x6D2;&#x62D;&#x627;&#x644;&#x627;&#x62A; &#x648; &#x633;&#x648;&#x627;&#x646;&#x62D; &#x61B; &#x627;&#x645;&#x627;&#x645; &#x635;&#x62D;&#x628; &#x6A9;&#x6D2; &#x632;&#x645;&#x627;&#x646;&#x6C1; &#x60C;&#x627;&#x646; &#x6A9;&#x6D2;&#x627;&#x641;&#x6A9;&#x627;&#x631; &#x60C;&#x627;&#x648;&#x631; &#x641;&#x642;&#x6C1; &#x627;&#x633;&#x644;&#x627;&#x645;&#x6CC; &#x645;&#x6CC;&#x6CC;&#x62D;&#x646;&#x628;&#x644;&#x6CC; &#x641;&#x642;&#x6C1; &#x6A9;&#x6CC; &#x627;&#x62A;&#x6CC;&#x627;&#x632;&#x6CC; &#x62D;&#x6CC;&#x62B;&#x6CC;&#x62A; &#x6A9;&#x627; &#x62A;&#x641;&#x635;&#x6CC;&#x644;&#x6CC; &#x62A;&#x630;&#x6A9;&#x631;&#x6C1; </subfield>
    <subfield code="c">Muhammad Abu Zahra, translated by Sayed Rais Ahmed Jafari Nadwi    ####   &#x645;&#x62D;&#x645;&#x62F; &#x623;&#x628;&#x648; &#x632;&#x647;&#x631;&#x647;  ; &#x62A;&#x631;&#x62C;&#x645;&#x647; &#x633;&#x64A;&#x62F; &#x631;&#x626;&#x64A;&#x633; &#x627;&#x62D;&#x645;&#x62F; &#x62C;&#x639;&#x641;&#x631;&#x64A; &#x646;&#x62F;&#x648;&#x64A;</subfield>
  </datafield>
  <datafield tag="260" ind1=" " ind2=" ">
    <subfield code="a">Lahore :</subfield>
    <subfield code="b">Al-maktubat al Salafiah ,</subfield>
    <subfield code="c">1956</subfield>
  </datafield>
  <datafield tag="300" ind1=" " ind2=" ">
    <subfield code="a">508 p. ;</subfield>
    <subfield code="c">23 cm</subfield>
  </datafield>
  <datafield tag="505" ind1=" " ind2=" ">
    <subfield code="a"> &#x62D;&#x636;&#x631;&#x62A; &#x627;&#x644;&#x627;&#x645;&#x627;&#x645;,&#x623;&#x62D;&#x645;&#x62F; &#x628;&#x646; &#x645;&#x62D;&#x645;&#x62F;&#x628;&#x646; &#x62D;&#x646;&#x628;&#x644; &#x643;&#x6D2;&#x62D;&#x627;&#x644;&#x627;&#x62A; &#x648; &#x633;&#x648;&#x627;&#x646;&#x62D; &#x61B; &#x627;&#x645;&#x627;&#x645; &#x635;&#x62D;&#x628; &#x6A9;&#x6D2; &#x632;&#x645;&#x627;&#x646;&#x6C1; &#x60C;&#x627;&#x646; &#x6A9;&#x6D2;&#x627;&#x641;&#x6A9;&#x627;&#x631; &#x60C;&#x627;&#x648;&#x631; &#x641;&#x642;&#x6C1; &#x627;&#x633;&#x644;&#x627;&#x645;&#x6CC; &#x645;&#x6CC;&#x6CC;&#x62D;&#x646;&#x628;&#x644;&#x6CC; &#x641;&#x642;&#x6C1; &#x6A9;&#x6CC; &#x627;&#x62A;&#x6CC;&#x627;&#x632;&#x6CC; &#x62D;&#x6CC;&#x62B;&#x6CC;&#x62A; &#x6A9;&#x627; &#x62A;&#x641;&#x635;&#x6CC;&#x644;&#x6CC; &#x62A;&#x630;&#x6A9;&#x631;&#x6C1; </subfield>
  </datafield>
  <datafield tag="600" ind1=" " ind2=" ">
    <subfield code="a">&#x625;&#x628;&#x646; &#x62D;&#x646;&#x628;&#x644;&#x60C; &#x623;&#x62D;&#x645;&#x62F; &#x628;&#x646; &#x645;&#x62D;&#x645;&#x62F;, &#x627;&#x644;&#x627;&#x645;&#x627;&#x645;, </subfield>
    <subfield code="d">780-855</subfield>
    <subfield code="9">4840</subfield>
  </datafield>
  <datafield tag="600" ind1=" " ind2=" ">
    <subfield code="a">Ibn Hanbal, Ahmad Ibn Muhammad, Imam,</subfield>
    <subfield code="9">4841</subfield>
  </datafield>
  <datafield tag="942" ind1=" " ind2=" ">
    <subfield code="2">ddc</subfield>
    <subfield code="c">BK</subfield>
  </datafield>
  <datafield tag="999" ind1=" " ind2=" ">
    <subfield code="c">83279</subfield>
    <subfield code="d">83279</subfield>
  </datafield>
  <datafield tag="952" ind1=" " ind2=" ">
    <subfield code="0">0</subfield>
    <subfield code="1">0</subfield>
    <subfield code="2">ddc</subfield>
    <subfield code="4">0</subfield>
    <subfield code="7">1</subfield>
    <subfield code="8">NFIC</subfield>
    <subfield code="a">RUCL</subfield>
    <subfield code="b">RUCL</subfield>
    <subfield code="c">Reading</subfield>
    <subfield code="d">1973-10-13</subfield>
    <subfield code="e">Quran manjil, Rajshahi</subfield>
    <subfield code="g">10.00</subfield>
    <subfield code="l">0</subfield>
    <subfield code="o">U 297.125612 ZAH 1956</subfield>
    <subfield code="r">2024-03-10 00:00:00</subfield>
    <subfield code="t">C-1</subfield>
    <subfield code="w">2024-03-10</subfield>
    <subfield code="y">BK</subfield>
  </datafield>
</record>
